000 00272nam a2200097Ia 4500
082 _aXHO F BELE
245 0 _aKobe kuphole
100 _a Belebesi, G. M. Florida Hills, South Africa, 2005 1st ed
_962674
942 _cBK
008 210817s9999 xx 000 0 und d
999 _c198010
_d198005